|
|
|
|
| LEADER |
00000nab a2200000ua 4500 |
| 001 |
vtls010763904 |
| 003 |
SK-MaSNL |
| 005 |
20260304203614.0 |
| 008 |
250718s1999 xo |||||||||||||||||slo| |
| 035 |
|
|
|a (urnnbn)urn:nbn:sk:snk:ar-a027z1
|
| 035 |
|
|
|a (uuid)db548eff-dad1-4450-a34a-f40fa49b43dc
|
| 035 |
|
|
|a urn:nbn:sk:snk-ab4hr7
|
| 040 |
|
|
|a SNKBUCL
|b slo
|c SNKBUCL
|e AACR2
|
| 041 |
0 |
|
|a eng
|
| 044 |
|
|
|a xo
|c SK
|
| 100 |
1 |
|
|a Lacko, M.-Bartošová
|4 aut
|9 802345
|
| 245 |
1 |
0 |
|a CHANGES OF WEED SEED BANK IN ECOLOGICAL AND INTEGRATED FARMING SYSTEMS
|c M. Lacko-Bartošová, M. Minár
|
| 700 |
1 |
|
|a Minár, M.
|4 aut
|9 802438
|
| 773 |
0 |
|
|t Acta fytotechnica et zootechnica : vedecký časopis pre fytotechniku a zootechniku
|g Roč. 2, č. mimoriadne číslo (1999), s. 167-168
|
| 850 |
|
|
|a Slovenská národná knižnica
|
| 852 |
|
|
|a Slovenská národná knižnica
|
| 958 |
|
|
|a article3
|
| 958 |
|
|
|a OND
|
| 958 |
|
|
|a EUIPO
|
| 999 |
|
|
|c 3110713
|d 3112643
|